Estaciones del metro Madrid con al menos 3 líneas - Estadísticas

Estadísticas generales
  • Esta prueba ha sido intentada 254 veces
  • La puntuación promedio es 5 de 7
Estadísticas de respuestas
Hint Respuesta % Correcto
1, 2, 3 Sol
95%
6, 8, 10 Nuevos Ministerios
87%
4, 6, 7, 9 Avenida de América
81%
1, 2, 6 Cuatro Caminos
74%
4, 5, 6 Diego de León
69%
1, 9, 10 Plaza de Castilla
68%
4, 5, 10 Alonso Martínez
67%
No se encontraron pruebas coincidentes
Distribución de puntuación
Porcentaje de gente con cada puntuación
Porcentaje por número respondido
Historial de tus puntuaciones
No has intentado esta prueba.